Selected Stories by Nobel Prize Winners (Record no. 50703)

MARC details
000 -LEADER
fixed length control field 00430nam a2200145Ia 4500
008 - FIXED-LENGTH DATA ELEMENTS--GENERAL INFORMATION
fixed length control field 230524s9999 xx 000 0 und d
020 ## - INTERNATIONAL STANDARD BOOK NUMBER
ISBN 8176060704
100 ## - MAIN ENTRY--AUTHOR NAME
Personal name Bjornsen Pirandello
245 #0 - TITLE STATEMENT
Title Selected Stories by Nobel Prize Winners
260 ## - PUBLICATION, DISTRIBUTION, ETC. (IMPRINT)
Name of publisher Projapoti
500 ## - GENERAL NOTE
General note Quantity Number: 1
650 ## - SUBJECT ADDED ENTRY--TOPICAL TERM
Topical Term Personality Development
700 ## - ADDED ENTRY--PERSONAL NAME
Personal name Lagerlof Maeterlinck and Deledda Hauptmann
942 ## - ADDED ENTRY ELEMENTS (KOHA)
Koha item type Books
Holdings
Lost status Damaged status Permanent Location Current Location Shelving location Date acquired Accession Number Koha item type
    Central Library, Trident Academy of Technology Central Library, Trident Academy of Technology General Stacks 05/24/2023 45004 Books
Trident Academy of Technology © 2023.
All rights reserved.                                                                                                                                                                                                        Designed by Team of Central Library .

Powered by Koha